| 000 | 00963nam a22003257a 4500 | ||
|---|---|---|---|
| 001 | BR8807450 | ||
| 003 | BR-BrBNA | ||
| 005 | 20230928093111.0 | ||
| 007 | ta | ||
| 008 | 230509b bl.||||| |||| 00| 0 por d | ||
| 040 |
_aBR-BrBNA _bpor _cBiblioteca Nacional de Agricultura |
||
| 041 | _a(Por) | ||
| 072 |
_aE50; E51; E12 _b/G514 |
||
| 090 | _ E50 BR8807450 | ||
| 100 | 1 | _aVieira, G. | |
| 110 | 1 |
_aEscola Superior de Agricultura de Lavras, MG (Brasil). Depto. de Economia Rural _94358 |
|
| 245 | 1 | _aAspectos economicos e sociais de nove bairros pobres da zona urbana de Lavras, Minas Gerais 1967 | |
| 260 | 3 |
_aLavras, MG (Brasil): _c[nd]. |
|
| 300 | _a34 p. | ||
| 500 | _aPublished after 1967; 11 ref. | ||
| 650 | _aPOPULACAO RURAL | ||
| 650 | _aMIGRACAO RURAL | ||
| 650 | _aSANEAMENTO RURAL | ||
| 650 | _aEDUCACAO | ||
| 650 | _aEMPREGO | ||
| 650 | _aLAVRAS | ||
| 650 | _aMINAS GERAIS | ||
| 909 |
_a202309 _bLucia _c55 _dLucia Elande |
||
| 942 | _cBK | ||
| 999 |
_c43000 _d43000 |
||